000 00749nam a22001577a 4500
008 090804t xxu||||| |||| 00| 0 eng d
020 _a9770186139
082 _a649.1
_bب ي ن
245 _aأبناؤنا وأسباب النجاح /
_cتأليف ييترل بينسول؛ اعداد على عفيفى
260 _aالقاهرة:
_bالهيئة المصرية العامة للكتاب،
_c2003
300 _a209 ؛ ص
_c19 سم
490 _aالأعمال الخاصة
650 _98355
_aالأطفال
_x-- تربية
942 _2ddc
_cBB
999 _c12533
_d12533